000 00589nam a2200181 i 4500
001 96134
003 ES-MaACL
005 20230906181842.0
007 t|
008 050610s1931 mx ||||1| spa d
100 1 _aMadariaga, Salvador de,
_d1886-1978
_975292
245 1 3 _aLa revolución española /
_cpor Salvador de Madariaga.
260 _aMéxico :
_bUniversidad Nacional de México Autónoma, Sección Editorial,
_c1931.
300 _a15 p. ;
_c22 cm.
710 2 _aUniversidad Nacional Autónoma de México.
_97397
852 _aES-MaACL
_j1775-F-14
999 _c96134
_d96134